[Event "Chess Olympiad (Women)"]
[Site "Khanty-Mansiysk RUS"]
[Date "2010.09.25"]
[EventDate "2010.09.21"]
[Round "5"]
[Result "0-1"]
[White "Zhaoqin Peng"]
[Black "Anna Sharevich"]
[WhiteElo "2400"]
[BlackElo "2283"]
[PlyCount "176"]

1. d4 d5 2. c4 e6 3. Nc3 Nf6 4. cxd5 exd5 5. Bg5 Be7 6. e3 O-O
7. Bd3 h6 8. Bh4 b6 9. Nge2 Bb7 10. Bxf6 Bxf6 11. b4 c6
12. O-O a5 13. b5 c5 14. Rc1 cxd4 15. exd4 Re8 16. Bc2 Nd7
17. Qd3 Nf8 18. g3 Qd6 19. h4 Rad8 20. Nd1 Qe6 21. Ne3 Qe4
22. Rfd1 Qxd3 23. Bxd3 Rc8 24. Ng4 Be7 25. Bf5 Rxc1 26. Rxc1
Bd6 27. Nc3 h5 28. Nh2 g6 29. Bh3 Ne6 30. Ne2 f5 31. Nf3 Nc7
32. Nc3 Ba3 33. Rc2 Rc8 34. Na4 Nxb5 35. Rxc8+ Bxc8 36. Bf1
Nd6 37. Nxb6 Bb7 38. Bd3 Kg7 39. Kf1 Ne4 40. Bc2 Ba6+ 41. Kg2
Nc3 42. Bb3 Bb7 43. Ne5 Bd6 44. Na4 Ne2 45. Nf3 f4 46. Nc5 Bc6
47. Ne6+ Kf6 48. Nxf4 Bxf4 49. gxf4 Nxf4+ 50. Kf1 Bb5+ 51. Ke1
Kf5 52. Kd2 Ke4 53. Bd1 Ba6 54. a3 Bb5 55. Ng5+ Kxd4 56. Nf3+
Ke4 57. Ng5+ Kf5 58. Nf3 Ne6 59. Ke3 Bd7 60. Bc2+ Kf6 61. Bb3
Bc6 62. Bc2 g5 63. hxg5+ Nxg5 64. Nd4 Bb7 65. f4 Ne6 66. Nb3
a4 67. Nd2 d4+ 68. Kf2 Nc5 69. Kg3 Bc6 70. Bd1 Be8 71. Nf3
Ne4+ 72. Kh4 d3 73. Ne1 Nf2 74. Nxd3 Nxd3 75. Bxa4 Bxa4
76. Kxh5 Kf5 77. Kh6 Nb2 78. Kg7 Nc4 79. Kf7 Nxa3 80. Ke7 Nc4
81. Kd8 Kxf4 82. Kc7 Ke5 83. Kb7 Kd6 84. Ka7 Kc7 85. Ka6 Bd7
86. Ka7 Bc8 87. Ka8 Nd6 88. Ka7 Nb5+ 0-1

[Event "Chess Olympiad (Women)"]
[Site "Khanty-Mansiysk RUS"]
[Date "2010.09.27"]
[EventDate "2010.09.21"]
[Round "6"]
[Result "1-0"]
[White "Anna Sharevich"]
[Black "Yuanling Yuan"]
[WhiteElo "2283"]
[BlackElo "2189"]
[PlyCount "155"]

1. d4 Nf6 2. c4 g6 3. Nc3 Bg7 4. e4 d6 5. Be2 O-O 6. Bg5 h6
7. Be3 c5 8. dxc5 Qa5 9. Bd2 Qxc5 10. b4 Qc6 11. Bd3 Be6
12. Rc1 Rc8 13. Nd5 Bxd5 14. exd5 Qd7 15. Ne2 e5 16. O-O Na6
17. Qb3 Nc7 18. a4 Qe7 19. Bb1 a5 20. bxa5 Na6 21. Qh3 Qd7
22. Qh4 Qg4 23. Qxg4 Nxg4 24. Nc3 Rxc4 25. Nb5 Rxa4 26. Nxd6
Rd4 27. Bc3 Rxd5 28. Nc4 Rad8 29. Be4 R5d7 30. Bf3 Rc7 31. Bb2
h5 32. h3 e4 33. Bxe4 Nc5 34. Bxg7 Kxg7 35. Nb6 Nf6 36. Bxb7
Rxb7 37. Rxc5 Rd2 38. Ra1 Ne4 39. Rb5 Nd6 40. Rbb1 Kf6 41. a6
Ra7 42. Nd7+ Rxd7 43. a7 Rxa7 44. Rxa7 Nf5 45. Rbb7 Nh6 46. g3
Rd1+ 47. Kg2 Rd3 48. Rb4 Kg7 49. g4 hxg4 50. hxg4 Rd5 51. f3
Rc5 52. Kg3 Rd5 53. Kf4 Rc5 54. Ke4 Rg5 55. Rbb7 Rc5 56. f4 g5
57. Kd4 Rc6 58. fxg5 Nxg4 59. Rxf7+ Kg6 60. Rg7+ Kh5 61. Ra8
Nf2 62. Rh8+ Kg4 63. g6 Kg3 64. Rgg8 Ng4 65. Rg7 Ra6 66. Rb8
Nh6 67. Ke5 Kg4 68. Rb1 Ra5+ 69. Ke6 Ra6+ 70. Kd5 Ra5+ 71. Kc6
Rg5 72. Kd7 Kf5 73. Rf1+ Kg4 74. Rh1 Rh5 75. Rg1+ Kf5 76. Rf7+
Ke4 77. g7 Rd5+ 78. Kc7 1-0

[Event "Chess Olympiad (Women)"]
[Site "Khanty-Mansiysk RUS"]
[Date "2010.09.28"]
[EventDate "2010.09.21"]
[Round "7"]
[Result "1/2-1/2"]
[White "Anna Sharevich"]
[Black "Nadya Karolina Ortiz"]
[WhiteElo "2283"]
[BlackElo "2212"]
[PlyCount "74"]

1. d4 Nf6 2. c4 g6 3. Nc3 Bg7 4. e4 d6 5. Be2 O-O 6. Bg5 h6
7. Be3 c5 8. dxc5 Qa5 9. Bd2 Qxc5 10. h3 Be6 11. Rc1 Nbd7
12. Nf3 Ne5 13. b3 Nfd7 14. O-O f5 15. Be3 Qa5 16. Nd4 Nc5
17. b4 Qxb4 18. Nxe6 Nxe6 19. Nd5 Qa3 20. exf5 gxf5 21. Nxe7+
Kh8 22. Qd5 f4 23. Qxe6 Rf6 24. Qd5 fxe3 25. f4 Rxf4 26. Rxf4
Qxc1+ 27. Rf1 Qb2 28. Nf5 Rf8 29. Qd1 Qd2 30. g4 Nc6 31. Qxd2
exd2 32. Nxd6 Nd4 33. Bd1 b6 34. Rxf8+ Bxf8 35. Ne4 Bb4
36. Kf2 Ne6 37. Ke3 Ng5 1/2-1/2

[Event "Chess Olympiad (Women)"]
[Site "Khanty-Mansiysk RUS"]
[Date "2010.09.29"]
[EventDate "2010.09.21"]
[Round "8"]
[Result "1-0"]
[White "Yifan Hou"]
[Black "Anna Sharevich"]
[WhiteElo "2578"]
[BlackElo "2283"]
[PlyCount "89"]

1. e4 c5 2. Nf3 e6 3. d4 cxd4 4. Nxd4 a6 5. Be2 Nf6 6. Nc3 Qc7
7. O-O Bb4 8. Qd3 Nc6 9. Bg5 h6 10. Bh4 Qd6 11. Rad1 Nxd4
12. Qxd4 Qxd4 13. Rxd4 Bxc3 14. bxc3 e5 15. Rd3 Nxe4 16. Re3
d6 17. Rxe4 f5 18. Bh5+ Kd7 19. Re2 g5 20. f4 gxh4 21. fxe5
dxe5 22. Rxf5 Kc7 23. Rf7+ Kd6 24. Rf6+ Kc7 25. Rxe5 Bd7
26. Re7 Kd8 27. Ref7 Bc6 28. Bf3 Bxf3 29. Rxf3 b5 30. R3f6 Ke8
31. Rg7 h5 32. h3 Kd8 33. c4 bxc4 34. Rc6 a5 35. Rxc4 Ra6
36. Rxh4 Rhh6 37. Rf4 Rhf6 38. Rxf6 Rxf6 39. Rg5 Rc6 40. Rxh5
a4 41. Ra5 Rc4 42. Ra7 Kc8 43. a3 Kb8 44. Rf7 Rc3 45. Rf3 1-0

[Event "Chess Olympiad (Women)"]
[Site "Khanty-Mansiysk RUS"]
[Date "2010.09.30"]
[EventDate "2010.09.21"]
[Round "9"]
[Result "1/2-1/2"]
[White "Anna Sharevich"]
[Black "Elisabeth Paehtz"]
[WhiteElo "2283"]
[BlackElo "2467"]
[PlyCount "132"]

1. d4 e6 2. c4 b6 3. Nf3 Bb7 4. a3 f5 5. Nc3 Nf6 6. Bf4 g6
7. e3 Bg7 8. Be2 O-O 9. O-O d6 10. h3 Nbd7 11. Bh2 Qe7 12. b4
Kh8 13. Rc1 Ne4 14. Nb5 c6 15. Nc3 e5 16. c5 dxc5 17. dxc5
Nxc3 18. Rxc3 f4 19. e4 bxc5 20. Qa4 Nb6 21. Qa5 cxb4 22. axb4
h6 23. Nd2 Rfd8 24. Nb3 Kh7 25. Rfc1 Rd6 26. Kh1 Bc8 27. Bg1
Be6 28. f3 Nd7 29. Qc7 Bf8 30. Nc5 Nxc5 31. Qxe7+ Bxe7
32. Bxc5 Rd7 33. Bxe7 Rxe7 34. Rxc6 Rb8 35. b5 Kg7 36. R1c5
Bf7 37. Rc7 Rb7 38. Rc8 Rbd7 39. Kg1 Rd2 40. Kf2 Ra2 41. Rc2
Rxc2 42. Rxc2 Rd7 43. h4 g5 44. hxg5 hxg5 45. Rc5 Kf6 46. Rc6+
Ke7 47. Bc4 Bxc4 48. Rxc4 Rd2+ 49. Kg1 Rb2 50. Rc7+ Kf6
51. Rc5 Rb4 52. Rc6+ Kf7 53. Rc7+ Kf6 54. Rb7 g4 55. fxg4 Kg5
56. Rxa7 Rxb5 57. Rg7+ Kh4 58. Kf2 Rb2+ 59. Kf3 Rb3+ 60. Kf2
Re3 61. g5 Rxe4 62. g6 Kg5 63. g3 Kf6 64. Rg8 fxg3+ 65. Kxg3
Rb4 66. Kf3 Rb7 1/2-1/2

[Event "Chess Olympiad (Women)"]
[Site "Khanty-Mansiysk RUS"]
[Date "2010.10.01"]
[EventDate "2010.09.21"]
[Round "10"]
[Result "0-1"]
[White "Cristina-Adela Foisor"]
[Black "Anna Sharevich"]
[WhiteElo "2395"]
[BlackElo "2283"]
[PlyCount "84"]

1. c4 e5 2. Nc3 Nc6 3. Nf3 Bc5 4. e3 d6 5. d4 exd4 6. exd4 Bb4
7. Be2 h6 8. O-O Bxc3 9. bxc3 Nf6 10. c5 d5 11. Ne5 O-O
12. Nxc6 bxc6 13. Bd3 Bg4 14. f3 Be6 15. Bc2 a5 16. Rf2 Bc8
17. g4 Ne8 18. Rg2 Qh4 19. Bd2 f5 20. g5 f4 21. gxh6 Qxh6
22. Qe1 Bh3 23. Rg6 Qh5 24. Qf2 Nf6 25. Kh1 Ne4 26. fxe4 Qxg6
27. Rg1 Qh5 28. Bxf4 Bg4 29. Rg3 g5 30. Qg2 Rxf4 31. Bd1 Raf8
32. Bxg4 Rf1+ 33. Qxf1 Rxf1+ 34. Kg2 Qf7 35. Be6 Qxe6 36. Kxf1
Qf6+ 37. Ke2 dxe4 38. h4 Qf4 39. Rxg5+ Kf7 40. Re5 Qf3+
41. Kd2 Qf2+ 42. Kc1 e3 0-1

[Event "Chess Olympiad (Women)"]
[Site "Khanty-Mansiysk RUS"]
[Date "2010.10.03"]
[EventDate "2010.09.21"]
[Round "11"]
[Result "0-1"]
[White "Batkhuyag Munguntuul"]
[Black "Anna Sharevich"]
[WhiteElo "2412"]
[BlackElo "2283"]
[PlyCount "68"]

1. e4 c5 2. Nf3 e6 3. d4 cxd4 4. Nxd4 a6 5. Nc3 Qc7 6. Be2 Nf6
7. O-O Bb4 8. Qd3 Nc6 9. Bg5 Nxd4 10. Qxd4 Bd6 11. g3 Be5
12. Qd3 h6 13. Bd2 Qd6 14. f4 Qxd3 15. cxd3 Bd4+ 16. Kg2 d6
17. Bf3 Bd7 18. a4 Bc6 19. Ne2 Ba7 20. Bb4 Rd8 21. g4 Be3
22. h4 h5 23. g5 Ng4 24. Kg3 Ba7 25. Bxg4 hxg4 26. Kxg4 f5+
27. gxf6 gxf6 28. Bc3 Kf7 29. Bd4 f5+ 30. exf5 Rdg8+ 31. Kh3
Bg2+ 32. Kh2 Rxh4+ 33. Kg1 Bxd4+ 34. Nxd4 Bxf1+ 0-1

[Event "European Club Cup (Women)"]
[Site "Plovdiv BUL"]
[Date "2010.10.21"]
[EventDate "?"]
[Round "5"]
[Result "0-1"]
[White "Anna Sharevich"]
[Black "Darena Sirkova"]
[WhiteElo "2283"]
[BlackElo "2094"]
[PlyCount "84"]

1. d4 Nf6 2. c4 c5 3. d5 b5 4. cxb5 a6 5. b6 e6 6. Nc3 Nxd5
7. Nxd5 exd5 8. Qxd5 Nc6 9. Nf3 Rb8 10. e4 Be7 11. Bc4 O-O
12. O-O Na5 13. Bd2 Bb7 14. Qd3 Nxc4 15. Qxc4 d5 16. Qe2 Re8
17. e5 Qxb6 18. Bf4 Qe6 19. b4 cxb4 20. Nd4 Qg6 21. Qd2 Rbc8
22. Rfe1 Rc4 23. Bg3 Bc5 24. Nb3 Bb6 25. Re2 h5 26. e6 fxe6
27. Re5 Bd8 28. Rae1 Kf7 29. Qe3 h4 30. Qf3+ Qf6 31. Qh5+ g6
32. Qh7+ Qg7 33. Qxg7+ Kxg7 34. Nd2 hxg3 35. Nxc4 gxf2+
36. Kxf2 dxc4 37. Rxe6 Rxe6 38. Rxe6 c3 39. Ke2 Bxg2 40. Rxa6
Bg5 41. Ra7+ Kh6 42. Kd3 Bh3 0-1

[Event "European Club Cup (Women)"]
[Site "Plovdiv BUL"]
[Date "2010.10.22"]
[EventDate "?"]
[Round "6"]
[Result "0-1"]
[White "Mariagrazia De Rosa"]
[Black "Anna Sharevich"]
[WhiteElo "2073"]
[BlackElo "2283"]
[PlyCount "58"]

1. e4 c5 2. Nf3 e6 3. d4 cxd4 4. Nxd4 a6 5. Bd3 Bc5 6. Nb3 Ba7
7. Qe2 Nc6 8. Be3 d6 9. O-O Nf6 10. Bxa7 Rxa7 11. f4 e5 12. f5
h5 13. Nc3 Ng4 14. Rf3 Bd7 15. Raf1 Ne7 16. Rh3 Bc6 17. a4 Rh6
18. Kh1 Ra8 19. Nd2 Qc7 20. Nc4 Rd8 21. Ne3 Nf6 22. g4 hxg4
23. Rxh6 gxh6 24. Nxg4 Neg8 25. Ne3 Qb6 26. Nc4 Qd4 27. a5 Ne7
28. Qf2 Nxe4 29. Qxd4 Nf2+ 0-1

[Event "European Club Cup (Women)"]
[Site "Plovdiv BUL"]
[Date "2010.10.23"]
[EventDate "?"]
[Round "7"]
[Result "1/2-1/2"]
[White "Anna Sharevich"]
[Black "Ellisiv Reppen"]
[WhiteElo "2283"]
[BlackElo "1954"]
[PlyCount "63"]

1. d4 Nf6 2. c4 c5 3. d5 b5 4. cxb5 a6 5. bxa6 g6 6. Nc3 Bxa6
7. Nf3 d6 8. e4 Bxf1 9. Kxf1 Nbd7 10. h3 Bg7 11. g3 O-O
12. Kg2 Qb6 13. Qc2 Rfb8 14. Rb1 Qa6 15. Re1 Nb6 16. b3 Nfd7
17. Bb2 Qa5 18. Re2 c4 19. Nd1 Qxa2 20. Bxg7 Qxc2 21. Rxc2
cxb3 22. Rxb3 Kxg7 23. Nd4 Na4 24. Rxb8 Rxb8 25. Nc6 Re8
26. Ne3 Nac5 27. f3 h5 28. h4 Nd3 29. Ra2 N7e5 30. Nd4 Ne1+
31. Kf2 N5d3+ 32. Kf1 1/2-1/2

[Event "Pan-Am Intercollegiate"]
[Site "Princeton USA"]
[Date "2012.12.30"]
[EventDate "2012.12.27"]
[Round "6"]
[Result "1/2-1/2"]
[White "Andre Diamant"]
[Black "Anna Sharevich"]
[WhiteElo "2482"]
[BlackElo "2290"]
[PlyCount "152"]

1. c4 e5 2. g3 Nc6 3. Bg2 g6 4. Nc3 Bg7 5. d3 Nge7 6. Nf3 O-O
7. O-O d6 8. Rb1 a6 9. b4 Rb8 10. b5 axb5 11. cxb5 Na5 12. Ba3
b6 13. Bb4 Nb7 14. Qc2 h6 15. Rfc1 Be6 16. Na4 Nd5 17. Bd2 Nc5
18. Nxc5 dxc5 19. a4 Qd6 20. a5 Ne7 21. Bc3 Nd5 22. Nd2 Nxc3
23. Qxc3 e4 24. Nxe4 Bxc3 25. Nxd6 Bd2 26. Rc2 cxd6 27. Rxd2
bxa5 28. b6 a4 29. b7 Bb3 30. Bc6 d5 31. Rdb2 c4 32. Bxd5 cxd3
33. Bxb3 axb3 34. exd3 Rxb7 35. Rxb3 Rd7 36. Re1 Rfd8 37. Re3
Kg7 38. Kf1 h5 39. h4 Rd4 40. Ke2 R8d7 41. Re4 R4d6 42. Ke3
Rd5 43. Ke2 R5d6 44. Re3 Rd4 45. Rb2 R4d6 46. Rd2 Rd5 47. Re8
Rd4 48. Ke3 Kf6 49. Re4 R4d5 50. d4 Kg7 51. Rd3 f6 52. f3 Kf7
53. g4 hxg4 54. fxg4 Kg7 55. Rc3 f5 56. gxf5 Rxf5 57. Rc6 Rf1
58. Rg4 Rf6 59. Rxf6 Kxf6 60. Ke4 Rd6 61. d5 Ke7 62. Ke5 Rf6
63. Rf4 Ra6 64. Rb4 Kd7 65. Rb7+ Ke8 66. Rg7 Rb6 67. Ra7 Rb4
68. Kd6 Rxh4 69. Re7+ Kf8 70. Kd7 Ra4 71. Re8+ Kf7 72. Rc8 g5
73. d6 g4 74. Rc3 Ra7+ 75. Rc7 Ra3 76. Kc6+ Ke6 1/2-1/2